| 000 | 00753nam a2200265 a 4500 | ||
|---|---|---|---|
| 003 | MX-MxUPN | ||
| 005 | 20260327064207.0 | ||
| 008 | 200122s1992 mx r 000 0 spa d | ||
| 020 | _a9683906990 | ||
| 035 | _aUPN01000235061 | ||
| 040 |
_aMX-MxUPN _bspa _cMX-MxUPN |
||
| 041 | 1 |
_aspa _heng |
|
| 050 | 1 | 4 |
_aLB1047.3 _bF79 1992 |
| 100 | 1 |
_aFry, Ronald W. _947016 |
|
| 240 | 1 | 0 |
_aHow to study program. _lEspañol |
| 245 | 1 | 0 | _aCómo estudiar y presentar mejores trabajos |
| 250 | _aPrimera edición. | ||
| 260 |
_aMéxico, D.F. : _bPatria, _c1992. |
||
| 300 | _a134 páginas | ||
| 650 | 4 |
_aRedacción de informes _912161 |
|
| 650 | 4 |
_aMétodos de estudio _94280 |
|
| 902 | _aVíctor Ruiz/071022 | ||
| 942 |
_2lcc _cLIBRO |
||
| 999 |
_c207156 _d207156 |
||